MARC

LEADER 00000nam0a2200000 4500
001 303762
005 20231102001633.0
035 |a (RuTPU)RU\TPU\book\328989 
090 |a 303762 
100 |a 20150904d1979 km y0rusy50 ca 
101 0 |a rus 
102 |a RU 
105 |a a z 001zy 
200 1 |a Проверка, регулировка, настройка контактов переменного тока  |f Л. А. Новодворец 
210 |a Москва  |c Энергия  |d 1979 
215 |a 97 с.  |c ил. 
225 1 |a Библиотека электромонтера  |v Вып. 489 
320 |a Библиогр.: с. 95. 
606 1 |a Контакторы переменного тока  |x Проверка и регулировка  |2 stltpush  |3 (RuTPU)RU\TPU\subj\15483  |9 41721 
610 1 |a эксплуатация 
610 1 |a включение 
610 1 |a проверка 
610 1 |a изоляция 
610 1 |a электрическая прочность 
610 1 |a регулировка 
610 1 |a терминология 
675 |a 621.316.53  |v 3 
700 1 |a Новодворец  |b Л. А.  |g Лазарь Аронович 
801 1 |a RU  |b 63413507  |c 20150904 
801 2 |a RU  |b 63413507  |c 20160208  |g RCR 
942 |c BK